|
|
|
|
| LEADER |
00000cam a2200000 7i4500 |
| 001 |
0000002735 |
| 005 |
20031231.0 |
| 090 |
0 |
0 |
|a 320.959505
|b LIM 1978
|
| 100 |
1 |
0 |
|a LIM
|h Kit Siang
|
| 245 |
1 |
0 |
|a Time bombs in Malaysia :
|b problems of nation-building in Malaysia
|c Lim Kit Siang
|
| 250 |
0 |
0 |
|a 2nd ed.
|
| 260 |
0 |
0 |
|a Petaling Jaya, Selangor :
|b Democratic Action Party ,
|c 1978
|
| 300 |
|
|
|a xxxix, 310 p. :
|b ill. ;
|c 23 cm.
|
| 651 |
0 |
0 |
|a Malaysia
|x Politics and government
|x Addresses, essays, lectures
|
| 998 |
|
|
|a JPSM
|
| 999 |
|
|
|a 0000004435
|b Monograph
|c Open Shelf
|e Default branch
|